logo

Bir Sreshtho Munshi Abdur Rouf Library
Jhenaidah Cadet College

TNT : The power within you : (Record no. 13965)

MARC details
000 -LEADER
fixed length control field 00751nam a2200241 a 4500
001 - CONTROL NUMBER
JCCL Control Number 13965
003 - CONTROL NUMBER IDENTIFIER
JCCL marc code BD-JhCC
005 - DATE AND TIME OF LATEST TRANSACTION
control field 20240519112213.0
008 - FIXED-LENGTH DATA ELEMENTS--GENERAL INFORMATION
fixed length control field 240519b1992 n |||| ||a| 001 0 eng d
020 ## - INTERNATIONAL STANDARD BOOK NUMBER
International Standard Book Number 9780671765460
035 ## - SYSTEM CONTROL NUMBER
system control number (BD-JhCC)13965
040 ## - CATALOGING SOURCE
Original cataloging agency BD-JhCC
Modifying agency BD-JhCC
041 ## - LANGUAGE CODE
Language code of Book english
082 ## - DEWEY DECIMAL CLASSIFICATION NUMBER
Classification number 158.1
Author mark and Year BRI 1992
100 ## - MAIN ENTRY--PERSONAL NAME
Personal name Bristol, Claude M.
245 ## - TITLE STATEMENT
Title TNT : The power within you :
Remainder of title How to release the forces inside you and get what you want /
Statement of responsibility, etc Claude M. Bristol, Harold M. Sherman.
260 ## - PUBLICATION, DISTRIBUTION, ETC. (IMPRINT)
Place of publication, distribution, etc New York:
Name of publisher, distributor, etc Simon & Schuster;
Date of publication, distribution, etc 1992.
300 ## - PHYSICAL DESCRIPTION
Pagination 238 p. :
Dimensions 20 cm.
650 ## - SUBJECT ADDED ENTRY--TOPICAL TERM
Topical term or geographic name as entry element psychology
Form subdivision Réalisation de soi
General subdivision Self-realization
Geographic subdivision Achievement
700 ## - ADDED ENTRY--PERSONAL NAME
Personal name Sherman,Harold
942 ## - ADDED ENTRY ELEMENTS (KOHA)
Source of classification or shelving scheme Dewey Decimal Classification
Koha item type Books
Holdings
Source of classification or shelving scheme Damaged status Not for loan Home library Current library Shelving location Date of accession Total Checkouts Full call number Barcode Date last seen Date checked out Copy number Method of acquisition Koha item type Currency
Dewey Decimal Classification     JCC Rouf Library JCC Rouf Library General Stacks   6 158.1 BRI 1992 19545 11/17/2025 11/10/2025 C-1 Purchase Books BDT

JCC Library | Contacts | JCC Home

Last Update on 23 September 2017
Copyright @ 2017-2020 JCC Rouf Library
Rouf Library, Jhenidah Cadet College (JCC), Bangladesh